Henry VIII wives rhyme - Statistics

General Stats
  • This quiz has been taken 134 times
  • The average score is 6 of 6
Answer Stats
Wife Answer % Correct
Anne Boleyn was... beheaded
100%
Catherine Howard was... beheaded
97%
Jane Seymour... died
95%
Catherine of Aragon was... divorced
94%
Anne of Cleves was... divorced
94%
Catherine Parr... survived
90%
No matching quizzes found
Score Distribution
Percent of People with Each Score
Percentile by Number Answered
Your Score History
You have not taken this quiz